Lučenec na historických pohľadniciach. /
Uložené v:
| Hlavný autor: | |
|---|---|
| Médium: | Kniha |
| Jazyk: | Slovak English Hungarian |
| Vydané: |
Lučenec :
Pelikán s.r.o.,
1997.
|
| Vydanie: | Prvé vydanie |
| Témy: | |
| ISBN: |
809669555X (brož.) |
| Fyzický popis: |
152 strán : fotografie, ilustrácie ; 24 cm. |
| Tagy: |
Pridať tag
Žiadne tagy, Buďte prvý kto otaguje tento záznam!
|
Titul je dostupný aj v ... 

MARC
| LEADER | 00000nam a2200000 a 4500 | ||
|---|---|---|---|
| 001 | 000059521 | ||
| 003 | SVKK | ||
| 005 | 20180709125639.0 | ||
| 008 | 980206s1997 xo ao e 000 0 slo d | ||
| 020 | |a 809669555X (brož.) | ||
| 040 | |a SVKKK |b slo |c SVKKK |e AACR2 | ||
| 041 | 0 | |a slo |a eng |a hun |b ger | |
| 043 | |a e-xo--- | ||
| 044 | |a xo |c SK | ||
| 072 | 7 | |a 94(437.6) |x Dejiny Slovenskej republiky |2 konspekt | |
| 072 | 7 | |a 655 |x Polygrafia. Vydavateľstvá a knižný obchod |2 konspekt | |
| 080 | |a 655.3.066.32:94 |2 2011 | ||
| 080 | |a 94(437.6) |2 2011 | ||
| 080 | |a (048.8) |2 2011 | ||
| 100 | 1 | |a Hermel, Edmund |4 aut | |
| 245 | 1 | 0 | |a Lučenec na historických pohľadniciach. / |c Edmund Hermel a kolektív. |
| 246 | 3 | 1 | |a Losons |
| 250 | |a Prvé vydanie | ||
| 260 | |a Lučenec : |b Pelikán s.r.o., |c 1997. | ||
| 300 | |a 152 strán : |b fotografie, ilustrácie ; |c 24 cm. | ||
| 504 | |a Bibliografia: s. 152 | ||
| 546 | |a Čiastočne text v maďarčine a angličtine ; nemecké resumé | ||
| 650 | 0 | 7 | |a historické pohľadnice |2 SVKKKPH |
| 651 | 7 | |a Lučenec (Slovensko) |x dejiny |2 SVKKKPH | |
| 655 | 7 | |a monografie |2 SVKKKPH | |
| 910 | |a svkkk | ||
| 919 | |a 80-966955-5-X | ||
| 998 | |a BK | ||
| 090 | |g SCKHL |k Sklad Pribinova prízemie |a IV.177613 |j 915162 |i 59521-10 |s Absenčne | ||
| 090 | |g SCKHL |k Sklad Pribinova prízemie |a IV.177614 |j 915163 |i 59521-20 |s Absenčne | ||
| 090 | |g SCKHL |k Sklad Hlavná 10 prízemie |a IV.232245 |j 1088706 |i 2720531326 |s Absenčne | ||